AH International Schools' Libraries

My First Book of Prayers / (Record no. 47265)

MARC details
000 -LEADER
fixed length control field 00333nam a2200109 4500
020 ## - INTERNATIONAL STANDARD BOOK NUMBER
International Standard Book Number 9781906293192
100 ## - MAIN ENTRY--PERSONAL NAME
Personal name Jewitt, Kathryn
Relator term author.
9 (RLIN) 85281
245 ## - TITLE STATEMENT
Title My First Book of Prayers /
Statement of responsibility, etc written by Kathryn Jewitt,Illustrated by Samantha Chaffey.
260 ## - PUBLICATION, DISTRIBUTION, ETC. (IMPRINT)
Name of publisher, distributor, etc Books Are Fun;
Date of publication, distribution, etc 2010.
650 #0 - SUBJECT ADDED ENTRY--TOPICAL TERM
9 (RLIN) 71934
Form subdivision Bible Story
942 ## - ADDED ENTRY ELEMENTS (KOHA)
Source of classification or shelving scheme
Koha item type Board Book
Holdings
Withdrawn status Lost status Source of classification or shelving scheme Damaged status Not for loan Home library Current library Date acquired Total Checkouts Full call number Barcode Date last seen Date checked out Price effective from Koha item type Public note
          Logos International School Logos International School 08/27/2024 1 BB JEW 042557 11/08/2024 10/23/2024 08/27/2024 Book BB-Bible story

For any Logos Library related questions please contact Miss Art at swongnarasuk@asianhope.org.

For any Asian Hope Library related questions please contact Miss Raza at graza@asianhope.org.

Click here to explore our ebooks!

Powered by Koha